ইসলামের রাষ্ট্রীয় ও অর্থনৈতিক উত্তরাধিকার/ (Record no. 17943)

MARC details
000 -LEADER
fixed length control field 01117nam a22001937a 4500
003 - CONTROL NUMBER IDENTIFIER
control field BDDh-ASL
005 - DATE AND TIME OF LATEST TRANSACTION
control field 20231015025647.0
008 - FIXED-LENGTH DATA ELEMENTS--GENERAL INFORMATION
fixed length control field 200915b1984 ||||| |||| 00| 0 d
040 ## - CATALOGING SOURCE
Original cataloging agency BDDh-ASL
Transcribing agency BDDh-ASL
Modifying agency BDDh-ASL
041 ## - LANGUAGE CODE
Language code of text/sound track or separate title bengali
082 ## - DEWEY DECIMAL CLASSIFICATION NUMBER
Classification number ২৯৭.১
Item number ইসলা
100 ## - MAIN ENTRY--PERSONAL NAME
9 (RLIN) 766
Personal name আলী, মওলানা মুশাহিদ
245 1# - TITLE STATEMENT
Title ইসলামের রাষ্ট্রীয় ও অর্থনৈতিক উত্তরাধিকার/
Statement of responsibility, etc. মওলানা মুশাহিদ আলী; আবু সাঈদ মুহাম্মদ ওমর আলী (অনু.),
260 ## - PUBLICATION, DISTRIBUTION, ETC.
Place of publication, distribution, etc. ঢাকা:
Name of publisher, distributor, etc. ইসলামিক ফাউন্ডেশন বাংলাদেশ,
Date of publication, distribution, etc. ১৯৮৪।
300 ## - PHYSICAL DESCRIPTION
Extent পনের, ২২৫ পৃষ্ঠা:
Dimensions ২১ সে. মি.।
650 #0 - SUBJECT ADDED ENTRY--TOPICAL TERM
9 (RLIN) 767
Topical term or geographic name entry element ইসলাম ধর্ম
General subdivision ইসলামিক রাষ্ট্রব্যবস্থা
-- ইসলামিক অর্থনীতি
700 ## - ADDED ENTRY--PERSONAL NAME
9 (RLIN) 765
Personal name আলী, আবু সাঈদ মুহাম্মদ ওমর
942 ## - ADDED ENTRY ELEMENTS (KOHA)
Source of classification or shelving scheme Dewey Decimal Classification
Koha item type Books
Holdings
Withdrawn status Lost status Source of classification or shelving scheme Damaged status Not for loan Collection code Home library Current library Shelving location Date acquired Source of acquisition Total Checkouts Full call number Barcode Date last seen Copy number Price effective from Koha item type
    Dewey Decimal Classification     Non-fiction Asiatic Society Library Asiatic Society Library General Stacks 09/15/2020 Donated by Professor Husniara Huq   ২৯৭.১ ইসলা 101084 09/15/2020 1 09/15/2020 Books

Powered by Koha